| 000 | 00860cam a2200205 i 4500 | ||
|---|---|---|---|
| 020 | _a9780801049897 (pbk.) | ||
| 041 | _aENG | ||
| 082 | 0 | 0 |
_a253.53 _bREE |
| 100 | 1 | _aReed, Angela H. | |
| 245 | 1 | 0 | _aSpiritual companioning : A Guide to Protestant Theology and Practice |
| 260 |
_aU.S.A _bBaker Academic _c2015 |
||
| 300 | _axxii, 186 pages ; | ||
| 505 | 0 | _aSpiritual companioning as presence -- Spiritual companioning in the congregation -- Spiritual companioning in spiritual direction -- Spiritual companioning in small groups -- Spiritual companioning in everyday life -- Spiritual companioning and the journey of life -- Spiritual companioning for leaders. | |
| 650 | 0 | _aSpiritual formation | |
| 650 | 0 | _aSpiritual direction | |
| 650 | 0 | _aInterpersonal relations | |
| 650 | 0 | _aMentoring | |
| 650 | 0 | _aProtestant churches - Doctrines | |
| 942 | _cBK | ||
| 999 |
_c22547 _d22547 |
||